000 00734nam a2200217 a 4500
003 BD-DhJNU
005 20250617050349.0
008 190220t20132011ii |||| |||| 001 0 eng d
020 _a9788184002805
040 _aBD-DhJNU
_bENG
_cBD-DhJNU
_dBD-DhJNU
082 _a339.460 BAP
_223
100 _aBanerjee, Abhijit V.
245 _aPoor economics :
_brethinking poverty and the ways to end it /
_cAbhijit V. Banerjee and Esther Duflo
260 _aIndia :
_bPenguin Books,
_cc2011
300 _axv, 442 pages ;
_c20cm.
504 _aIncludes bibliographical references (pages [406-429] ) and index.
650 _aEconomic assistance
_zDeveloping countries.
650 _aPoverty
_xPrevention.
700 _aDuflo, Esther
942 _cBK
999 _c1777
_d1777